000 10610namaa22004331i 4500
003 EG-GICUC
005 20260423122109.0
008 260411s2024 ua a|||frm||| 000 0 eng d
040 _aEG-GICUC
_beng
_cEG-GICUC
_dEG-GICUC
_erda
041 0 _aeng
_beng
_bara
049 _aDeposit
082 0 4 _a 617.572059
092 _a 617.572059
_221
097 _aM.Sc
099 _aCai01.11.31.M.Sc.2024.Om.P
100 0 _aOmnia Ahmed Hussein Emam,
_epreparation.
245 1 0 _aPrevalence of altered morphological features of bicipital groove by CT and ultrasound among patients with anterior shoulder pain /
_cby Omnia Ahmed Hussein Emam ; Supervised Dr. Mennatallah Mohamed Mahmoud Elsayed, Dr. Moustafa Raafat Mahmoud Hafez.
246 1 5 _aمدى انتشار السمات المورفولوجية المتغيرة للأخدود ذو الرأسين بواسطة الأشعة المقطعية والموجات فوق الصوتية بين المرضى الذين يعانون من آلام الكتف الأمامية
264 0 _c2024.
300 _a157 pages :
_billustrations ;
_c25 cm. +
_eCD.
336 _atext
_2rda content
337 _aUnmediated
_2rdamedia
338 _avolume
_2rdacarrier
502 _aThesis (M.Sc)-Cairo University, 2024.
504 _aBibliography: pages 138-154.
520 3 _aObjectives: To investigate the bony morphologic characteristics of the bicipital groove and to determine their relations with the long head of the biceps tendon (LHBT) instability by US & CT examination. Methods: The depth of the bicipital groove, the width of the bicipital groove, the cross-sectional area, the medial wall angle (MWA) and the opening angle (OA) were measured on the shoulder US & CT of 58 patients with anterior shoulder pain. 20 patients with a normally-located LHBT determined stable LHBT, 38 patients with subluxation or dislocation of the LHBT determined unstable LHBT. We assessed the relationship between measurements and LHBT stability. Results: Our results do not support any correlation between LHBT pathology and the bicipital groove morphological features, even though some measurements are somewhat higher in patients with a LHBT injury. The incidence of rotator cuff tendon lesions (specifically for supraspinatus tendon lesions) was significantly higher in patients with unstable LHBT with a p value of 0.016. Conclusion: There are variations in the morphological features of the bicipital groove among patients with anterior shoulder pain that does not necessarily contribute to its stability. The pathology of long head of biceps is rather attributed to the soft tissue structures surrounding the biceps tendon.
520 3 _aمقدمة تُعد آلام الكتف الأمامية من الشكاوى الشائعة في العيادات العظمية، وغالبًا ما ترتبط باضطرابات في الوتر الطويل لرأس العضلة ذات الرأسين (LHBT). يقع هذا الوتر داخل الأخدود ذو الرأسين (أو الأخدود بين الحدبتين)، الذي يُعد بنية تشريحية أساسية تؤثر على استقرار هذا الوتر. وقد أظهرت العديد من الدراسات أن التغيرات التشريحية في هذا الأخدود، مثل قلة العمق أو الاتساع الزائد، قد تكون من عوامل الخطورة المؤدية إلى عدم الاستقرار والإصابات المزمنة في الوتر. أهمية الدراسة رغم وجود العديد من الدراسات السابقة التي تناولت العلاقة بين شكل الأخدود ذو الرأسين وإصابات الوتر الطويل، إلا أن نتائجها كانت متباينة وتعتمد غالبًا على تصوير واحد فقط (إما الأشعة المقطعية أو الرنين المغناطيسي). ولهذا السبب، تهدف هذه الدراسة إلى الدمج بين طريقتين تشخيصيتين (الأشعة المقطعية والموجات فوق الصوتية) لتقييم البنية المورفولوجية للأخدود بدقة وربطها بالحالة السريرية والنتائج الجراحية بالمنظار. أهداف الدراسة 1.قياس الخصائص المورفولوجية للأخدود ذو الرأسين (العمق، العرض، زاوية الانفتاح، زاوية الميل، وزاوية الجدار الإنسي). 2.تحديد مدى انتشار التغيرات غير الطبيعية في هذه المعالم بين المرضى الذين يعانون من آلام الكتف الأمامية. 3.تقييم ارتباط هذه التغيرات بوجود إصابات في وتر العضلة ذات الرأسين، كما تم تأكيدها بالمنظار الجراحي. -منهج الدراسة تم إجراء الدراسة كدراسة تحليلية مقطعية على مدى ستة أشهر، حيث تم اختيار المرضى المترددين على عيادة العظام بمستشفى قصر العيني، جامعة القاهرة، الذين يعانون من ألم في الكتف الأمامي ويُشتبه في إصابتهم باضطراب في الوتر الطويل لرأس العضلة ذات الرأسين. بعد الفحص السريري، خضع جميع المرضى لتقييم بالموجات فوق الصوتية وتصوير بالأشعة المقطعية للجزء العلوي من عظمة العضد، تلاه تأكيد بالمنظار الجراحي. -طرق التصوير والتقييم 3.1. الموجات فوق الصوتية تم إجراء فحص LHBT باستخدام مسبار عالي التردد، مع تموضع الذراع بوضعية محايدة والكوع مثني 90 درجة. تم تقييم الأخدود في المستوى العرضي، مع قياس العمق والعرض والمساحة المقطعية للوتر. ساعد هذا الفحص في الكشف عن التهاب الأوتار، والتورم، وعدم الاستقرار أو التمزقات الجزئية. 4.2. الأشعة المقطعية متعددة المقاطع تم إنشاء نموذج ثلاثي الأبعاد للعضد باستخدام برامج تحليل مخصصة، وتم تحديد مستوى القياس بدقة ليشمل أعلى نقطة في الحدبة الصغرى وقاع الأخدود. في هذا المستوى، تم قياس العمق، زاوية الانفتاح، زاوية الميل، وزاوية الجدار الإنسي. وقد تم ضمان التكرار والدقة من خلال قياسات مزدوجة ومراجعة بين مقيّمين. -النتائج الأساسية أظهرت النتائج أن نسبة كبيرة من المرضى الذين يعانون من آلام الكتف الأمامية لديهم تغيرات مورفولوجية واضحة في الأخدود ذو الرأسين، مثل قلة العمق وزيادة زاوية الانفتاح، والتي كانت مرتبطة بشكل كبير بوجود إصابات في LHBT كما ثبت بالمنظار. كما كانت هناك علاقة قوية بين بعض المعلمات مثل زاوية الجدار الإنسي وحدوث التمزق أو الخلع الجزئي للوتر. -النتائج الثانوية أظهرت الدراسة توافقًا جيدًا بين نتائج التصوير بالموجات فوق الصوتية والأشعة المقطعية مقارنة بالنتائج الجراحية، مما يدعم فاعلية الفحصين كمكملين لبعضهما في تقييم هذه الحالة. وقد ساعد استخدام القياسات الكمية الدقيقة في تقوية مصداقية النتائج وربطها إحصائيًا بالمخرجات السريرية. -التحليل الإحصائي تم إدخال البيانات وتحليلها باستخدام برنامج SPSS إصدار 20.0. تم وصف البيانات النوعية بالأعداد والنسب المئوية، والبيانات الكمية بمتوسطاتها وانحرافاتها المعيارية والمدى والانحراف الربعي. تم تطبيق اختبارات التوزيع الطبيعي، واستخدام الاختبارات المناسبة (T-test، ANOVA، Mann-Whitney، Fisher exact) حسب طبيعة المتغيرات. واعتُبر مستوى الدلالة الإحصائية عند p < 0.05. -الاستنتاجات أثبتت الدراسة أن التغيرات التشريحية في الأخدود ذو الرأسين تُعد مؤشرًا مهمًا لإصابات وتر العضلة ذات الرأسين، وأن استخدام التصوير المزدوج (الأشعة المقطعية والموجات فوق الصوتية) يعزز الدقة التشخيصية. وتبرز أهمية تقييم هذه التغيرات ضمن الفحص الروتيني للمرضى الذين يعانون من آلام الكتف الأمامية غير المفسرة. -التوصيات 1.دمج تقييم الأخدود ذو الرأسين في كل بروتوكولات تقييم آلام الكتف الأمامية. 2.توظيف الموجات فوق الصوتية كأداة أولية نظرًا لتكلفتها المنخفضة، مع استخدام الأشعة المقطعية في الحالات المشكوك بها. 3.اعتماد القياسات المورفولوجية كمؤشرات تشخيصية مبدئية لعدم استقرار LHBT. 4.تشجيع الدراسات المستقبلية التي تدمج الرنين المغناطيسي وقياسات التروية العصبية للوتر.
530 _aIssues also as CD.
546 _aText in English and abstract in Arabic & English.
650 0 _aShoulder joint
650 0 _aمفصل الكتف
653 1 _aBicipital groove
_a long head of the biceps tendon
_aultrasonography
_acomputed tomography
_amedial wall angle
_agroove depth
_atotal opening angle
700 0 _aMennatallah Mohamed Mahmoud Elsayed
_ethesis advisor.
700 0 _aMoustafa Raafat Mahmoud Hafez
_ethesis advisor.
900 _b01-01-2024
_cMennatallah Mohamed Mahmoud Elsayed
_cMoustafa Raafat Mahmoud Hafez
_UCairo University
_FFaculty of Medicine
_DDepartment of Diagnostic and Interventional Radiology
905 _aShimaa
_eEman Ghareb
942 _2ddc
_cTH
_e21
_n0
999 _c179375